| LEADER | 00893nam a2200181 4500 | ||
|---|---|---|---|
| 082 | |a 004.678 |b L250H | ||
| 100 | |a Lê Hoàn | ||
| 245 | |a Tiện ích Internet |c Lê Hoàn | ||
| 260 | |a Cà Mau. |b Cà Mau |c 1999 | ||
| 300 | |a 95 tr. |c 30 cm. | ||
| 520 | |a v.v... | ||
| 653 | |a Tin học | ||
| 653 | |a Internet | ||
| 942 | |2 ddc |c STK0 | ||
| 999 | |c 8312 |d 8312 | ||
| 952 | |0 0 |1 0 |2 ddc |4 0 |6 004_678000000000000_L250H |7 0 |8 000 |9 69708 |a qbu |b qbu |c D2 |d 2015-04-06 |g 17000 |o 004.678 L250H |p 7241.c1 |r 0000-00-00 |w 2015-04-06 |y STK0 |0 0 |6 004_678000000000000_L250H | ||
| 952 | |0 0 |1 0 |2 ddc |4 0 |6 004_678000000000000_L250H |7 0 |8 000 |9 69709 |a qbu |b qbu |c D2 |d 2015-04-06 |g 17000 |o 004.678 L250H |p 7241.c2 |r 0000-00-00 |w 2015-04-06 |y STK0 |0 0 |6 004_678000000000000_L250H | ||
| 952 | |0 0 |1 0 |2 ddc |4 0 |6 004_678000000000000_L250H |7 0 |8 000 |9 69710 |a qbu |b qbu |c D2 |d 2015-04-06 |g 17000 |o 004.678 L250H |p 7241.c3 |r 0000-00-00 |w 2015-04-06 |y STK0 |0 0 |6 004_678000000000000_L250H | ||